00765nam a2200169Ia 4500008004100000020002800041082002000069100007200089245005400161250001600215260003700231300002000268856016700288942001200455999001900467952010900486210430s9999 xx 000 0 und d a0070393656 (alk. paper) a363.7287 L172 H aMichael D. LaGrega, Phillip L. Buckingham, Jeffrey C. Evans9129038 aHazardous waste management /cLaGrega, Michael D. a2nd edition aBoston, MA :bMcGraw-Hill,c2001 axxvi, 1201 p. : uhttp://www.loc.gov/catdir/bios/mh041/00059453.html | http://www.loc.gov/catdir/description/mh021/00059453.html | http://www.loc.gov/catdir/toc/mh021/00059453.html 2ddccBK c564489d564489 001040708NFICaSCMEbSCMEcGENd0000-00-00l0o363.7287 L172 HpSCME-3703r2021-04-30w2021-04-30yBK